Azərbaycan xalq musiqisinin əsasları (Record no. 139)
[ view plain ]
| 000 -LEADER | |
|---|---|
| fixed length control field | 02295nam a22003257a 4500 |
| 003 - CONTROL NUMBER IDENTIFIER | |
| control field | OSt |
| 005 - DATE AND TIME OF LATEST TRANSACTION | |
| control field | 20260421082251.0 |
| 008 - FIXED-LENGTH DATA ELEMENTS--GENERAL INFORMATION | |
| fixed length control field | 260306b |||||||| |||| 00| 0 eng d |
| 020 ## - INTERNATIONAL STANDARD BOOK NUMBER | |
| International Standard Book Number | 9789952343984 |
| 040 ## - CATALOGING SOURCE | |
| Original cataloging agency | Az-XaKU |
| Language of cataloging | aze |
| Transcribing agency | Az-XaKU |
| 041 ## - LANGUAGE CODE | |
| Language code of text/sound track or separate title | aze |
| 050 ## - LIBRARY OF CONGRESS CALL NUMBER | |
| Classification number | ML3693 .A9 .H12771 2019 |
| 100 ## - MAIN ENTRY--PERSONAL NAME | |
| Personal name | Hacıbəyli, Üzeyir, |
| Dates associated with a name | 1885 - 1948, |
| Relator term | müəllif. |
| 245 ## - TITLE STATEMENT | |
| Title | Azərbaycan xalq musiqisinin əsasları |
| Remainder of title | : XX əsr Azərbaycan musiqi elminin abidələri |
| Statement of responsibility, etc. | / Üzeyir Hacıbəyli |
| 264 ## - PRODUCTION, PUBLICATION, DISTRIBUTION, MANUFACTURE, AND COPYRIGHT NOTICE | |
| Place of production, publication, distribution, manufacture | Bakı: |
| Name of producer, publisher, distributor, manufacturer | Şərq-Qərb, |
| Date of production, publication, distribution, manufacture, or copyright notice | 2019. |
| 300 ## - PHYSICAL DESCRIPTION | |
| Extent | 360 səhifə ; |
| Dimensions | 24.5 sm. |
| 500 ## - GENERAL NOTE | |
| General note | Üzeyir Hacıbəyli adına Bakı Musiqi Akademiyasının 100 illiyi münasibətilə |
| 504 ## - BIBLIOGRAPHY, ETC. NOTE | |
| Bibliography, etc. note | Üzeyir Hacıbəyli haqqında xatirələr: səh. 358 |
| 520 ## - SUMMARY, ETC. | |
| Summary, etc. | Kitabda "Azərbaycan musiqi elminin abidələri" silsiləsindən Azərbaycanın dahi bəstəkarı və musiqişünas-alimi, pedaqoqu, dramaturqu və ictimai xadimi Üzeyir bəy Hacıbəylinin elmi irsi əhatə olunub. Burada Ü.Hacıbəylinin elmi yaradıcılığının və XX əsr Azərbaycan musiqi elminin şah əsəri olan "Azərbaycan xalq musiqisinin əsasları" elmi-fundamental əsəri, elmi və publisistik məqalələri öz əksini tapmışdır. Kitaba Ümummilli liderimiz Heydər Əliyevin, həmçinin görkəmli musiqi xadimlərimizin Üzeyir Hacıbəyliyə həsr olunmuş məruzə və məqalələri daxil edilmişdir ki, bu da Üzeyir bəyin XX əsr Azərbaycan musiqi mədəniyyətində tarixi rolunun dəyərləndirilməsinə və müasir dövrdə milli musiqimizin inkişafında əhəmiyyətinin daha dərindən qavranılmasına və qiymətləndirilməsinə istiqamət verir. |
| 521 ## - TARGET AUDIENCE NOTE | |
| Target audience note | Bu nəşr Azərbaycan ənənəvi musiqisinin və bəstəkar yaradıcılığının tədrisi və tədqiqi ilə məşğul olan peşəkar musiqiçilərə bütün dünyada Azərbaycan musiqisi ilə maraqlananlara ünvanlanır. |
| 650 ## - SUBJECT ADDED ENTRY--TOPICAL TERM | |
| Source of heading or term | Az-XaKU |
| Topical term or geographic name entry element | Xalq musiqisi |
| Geographic subdivision | Azərbaycan |
| 655 ## - INDEX TERM--GENRE/FORM | |
| Genre/form data or focus term | Dərsliklər |
| 700 ## - ADDED ENTRY--PERSONAL NAME | |
| Personal name | Məmmədov, Tariyel, |
| Relator term | ideya müəllifi, tərtibçi və məsul redaktor. |
| 700 ## - ADDED ENTRY--PERSONAL NAME | |
| Personal name | Bədəlbəyli, Fərhad, |
| Relator term | sədr. |
| 700 ## - ADDED ENTRY--PERSONAL NAME | |
| Personal name | Hüseynov, Rafael, |
| Relator term | elmi redaktor. |
| 700 ## - ADDED ENTRY--PERSONAL NAME | |
| Personal name | Tağızadə, Aida, |
| Relator term | rəyçi. |
| 700 ## - ADDED ENTRY--PERSONAL NAME | |
| Personal name | Bakıxanov, Tofiq, |
| Relator term | rəyçi. |
| 942 ## - ADDED ENTRY ELEMENTS (KOHA) | |
| Koha item type | Book |
| Withdrawn status | Lost status | Source of classification or shelving scheme | Damaged status | Not for loan | Collection | Home library | Current library | Date acquired | Total checkouts | Full call number | Barcode | Date last seen | Copy number | Price effective from | Koha item type |
|---|---|---|---|---|---|---|---|---|---|---|---|---|---|---|---|
| Library of Congress Classification | Fine Arts Collection | Karabakh University Main Library | Karabakh University Art Library | 03/13/2026 | ML3693 .A9 .H12771. 2019 | 0000001014 | 03/13/2026 | 1 | 03/13/2026 | Book | |||||
| Library of Congress Classification | Fine Arts Collection | Karabakh University Main Library | Karabakh University Art Library | 03/13/2026 | ML3693 .A9 .H12771 2019 c.2 | 0000001015 | 03/13/2026 | 2 | 03/13/2026 | Book |